000 01067nam a2200301 i 4500
001 11341
003 ES-MaACL
005 20240228170001.0
007 t|
008 960418s1995 sp |||| | spa d
020 _a84-249-1683-2
080 _a930.1(38)
080 _a930.1(37)
080 _a946.0".../0414"(093.3)
100 1 _aGómez Espelosín, F. Javier.
_957945
245 1 3 _aLa imagen de España en la antigüedad clásica /
_cF. Javier Gómez Espelosín, Antonio Pérez Largacha, Margarita Vallejo Girvés.
260 _aMadrid :
_bGredos,
_c[1995]
300 _a223 p. ;
_c24 cm.
490 1 _aMonografías históricas
504 _aBibliografía: p. [203]-220.
651 4 _aEspaña-
_xHistoria-
_yHasta 218 a.C., Época prerromana.
_9162090
651 7 _aEspaña-
_xHistoria-
_y218 a.C.-414 d.C. (Época romana)
_2
_9168873
700 1 _aPérez Largacha, Antonio.
_990960
700 1 _aVallejo Girvés, Margarita.
_9112852
830 0 _aMonografías históricas
_9178931
852 _aES-MaACL
_jL-18670
999 _c11341
_d11341